000 00560nam a2200205Ia 4500
005 20250508165434.0
008 008 250505s9999 xx 000 0 eng d
020 _a978-93-81991-74-9
037 _aTextual
040 _aFEDL
_beng
_cFEDL
041 _aeng
_2eng
084 _a801, CHA
_qFEDL
100 _aChandrabhanu
245 0 _aClassical and medieaval literacy criticism
260 _aNew Delhi, India
_bSwastik Publications
_c2014
300 _a248p.
365 _aINR
_b750
942 _cTEXL
_h801, CHA
999 _c1395095
_d1395095